Alabama County Seats - Statistics

General Stats
  • This quiz has been taken 18 times
  • The average score is 35 of 67
Answer Stats
County County Seat % Correct
Madison Huntsville
100%
Mobile Mobile
100%
Montgomery Montgomery
100%
Jefferson Birmingham
90%
Dallas Selma
90%
Tuscaloosa Tuscaloosa
90%
Cullman Cullman
80%
Houston Dothan
80%
Fayette Fayette
80%
Russell Phenix City
80%
Talladega Talladega
80%
Coffee Elba and Enterprise
70%
Etowah Gadsden
70%
Perry Marion
70%
Monroe Monroeville
70%
Lee Opelika
70%
Pike Troy
70%
Henry Abbeville
60%
Calhoun Anniston
60%
Limestone Athens
60%
Baldwin Bay Minette
60%
Morgan Decatur
60%
Lauderdale Florence
60%
DeKalb Fort Payne
60%
Geneva Geneva
60%
Covington Andalusia
50%
Chilton Clanton
50%
Tallapoosa Dadeville
50%
Conecuh Evergreen
50%
Butler Greenville
50%
Marshall Guntersville
50%
Walker Jasper
50%
Autauga Prattville
50%
Macon Tuskegee
50%
Escambia Brewton
40%
Choctaw Butler
40%
Wilcox Camden
40%
Pickens Carrollton
40%
Cherokee Centre
40%
Barbour Clayton
40%
Hale Greensboro
40%
Marion Hamilton
40%
Lowndes Hayneville
40%
Chambers LaFayette
40%
Marengo Linden
40%
Sumter Livingston
40%
Lawrence Moulton
40%
Blount Oneonta
40%
Franklin Russellville
40%
Jackson Scottsboro
40%
Colbert Tuscumbia
40%
Bullock Union Springs
40%
Elmore Wetumpka
40%
Clay Ashland
30%
St. Clair Ashville and Pell City
30%
Bibb Centreville
30%
Washington Chatom
30%
Shelby Columbiana
30%
Winston Double Springs
30%
Greene Eutaw
30%
Clarke Grove Hill
30%
Cleburne Heflin
30%
Crenshaw Luverne
30%
Dale Ozark
30%
Coosa Rockford
30%
Lamar Vernon
30%
Randolph Wedowee
30%
No matching quizzes found
Score Distribution
Percent of People with Each Score
Percentile by Number Answered
Your Score History
You have not taken this quiz